[Event "Labour Day op"]
[Site "Montreal CAN"]
[Date "1970.09.06"]
[Round "3"]
[White "Brodie, Hugh"]
[Black "De Breyne, Victor"]
[Result "1-0"]
[WhiteElo "1750"]
[BlackElo "1600"]
[PlyCount "61"]
[EventDate "1970.09.05"]
[EventType "swiss"]
[EventRounds "6"]
[EventCountry "CAN"]

1. b4 e5 2. Bb2 Bxb4 3. Bxe5 Nf6 4. f4 c5 5. Nf3 Nc6 6. Bb2 d5 7. e3 O-O 8. Be2
Re8 9. O-O a6 10. Nc3 b5 11. a4 Bxc3 12. Bxc3 b4 13. Bb2 a5 14. Qe1 Ra7 15. Qh4
Re6 16. Ng5 h6 17. Nxe6 fxe6 18. g4 c4 19. Be5 Ne4 20. Qxd8+ Nxd8 21. d3 cxd3
22. cxd3 Nd2 23. Rfc1 Bd7 24. Ra2 Nb3 25. Rcc2 Nb7 26. Rc7 N3c5 27. d4 Nxa4 28.
Rxd7 Nc3 29. Rc2 Nxe2+ 30. Rxe2 b3 31. Bb8 1-0

[Event "Labour Day op"]
[Site "Montreal CAN"]
[Date "1970.09.06"]
[Round "4"]
[White "Jassini, A."]
[Black "Brodie, Hugh"]
[Result "1-0"]
[WhiteElo "1980"]
[BlackElo "1750"]
[PlyCount "72"]
[EventDate "1970.09.05"]
[EventType "swiss"]
[EventRounds "6"]
[EventCountry "CAN"]

1. e4 c6 2. d4 d5 3. e5 Bf5 4. f4 e6 5. Nf3 Nd7 6. c4 dxc4 7. Bxc4 Nb6 8. Bb3
Ne7 9. O-O Nbd5 10. Nc3 Rc8 11. Kh1 Nxc3 12. bxc3 Ng6 13. Qe2 Bg4 14. h3 h5 15.
Qf2 Bf5 16. Be3 Qa5 17. Bd2 Qb6 18. Be3 Qa5 19. Bd2 Qb6 20. c4 Be7 21. Be3 Qa5
22. Rad1 O-O 23. d5 cxd5 24. cxd5 exd5 25. Rxd5 b5 26. Nd4 Bd3 27. Rd1 Bh4 28.
Qf3 Bc4 29. Bxc4 Rxc4 30. Nxb5 Ne7 31. Nd6 Nxd5 32. Nxc4 Qxa2 33. Qxd5 Rd8 34.
Nd6 Qxd5 35. Rxd5 Bg3 36. Rc5 Rb8 1-0

[Event "Labour Day op"]
[Site "Montreal CAN"]
[Date "1970.09.07"]
[Round "5"]
[White "Brodie, Hugh"]
[Black "Rosen, Irwin"]
[Result "1/2-1/2"]
[WhiteElo "1750"]
[BlackElo "1700"]
[PlyCount "37"]
[EventDate "1970.09.05"]
[EventType "swiss"]
[EventRounds "6"]
[EventCountry "CAN"]

1. f4 Nf6 2. b3 g6 3. Bb2 Bg7 4. e3 d6 5. Nf3 c5 6. Bd3 O-O 7. O-O Bd7 8. a3 b5
9. Nc3 a6 10. Qe1 Nc6 11. Nd1 e6 12. Qh4 Nd5 13. Bxg7 Qxh4 14. Nxh4 Kxg7 15.
Nf2 f5 16. g3 Nc7 17. e4 Rad8 18. Rfe1 Rfe8 19. Kf1 1/2-1/2

[Event "Labour Day op"]
[Site "Montreal CAN"]
[Date "1970.09.07"]
[Round "6"]
[White "Pinkus, Hugh"]
[Black "Brodie, Hugh"]
[Result "0-1"]
[WhiteElo "1500"]
[BlackElo "1750"]
[PlyCount "48"]
[EventDate "1970.09.05"]
[EventType "swiss"]
[EventRounds "6"]
[EventCountry "CAN"]

1. d4 d5 2. Nc3 Nf6 3. Bg5 e6 4. Bxf6 Qxf6 5. Nf3 Bb4 6. Qd2 O-O 7. a3 Ba5 8.
b4 Bb6 9. e3 a5 10. bxa5 Bxa5 11. Bd3 c5 12. a4 Bd7 13. Ra3 c4 14. Be2 Bb4 15.
Ra1 Rxa4 16. O-O Qd8 17. Rxa4 Bxa4 18. Ne5 Qa5 19. Rb1 Bxc3 20. Qd1 f6 21. Nf3
b5 22. Rc1 b4 23. Nd2 Nc6 24. e4 Nxd4 0-1

[Event "Eastern Ontario op"]
[Site "Ottawa CAN"]
[Date "1970.07.18"]
[Round "1"]
[White "White, P."]
[Black "Brodie, Hugh"]
[Result "1/2-1/2"]
[WhiteElo "1600"]
[BlackElo "1750"]
[PlyCount "47"]
[EventDate "1970.07.18"]
[EventType "swiss"]
[EventRounds "5"]
[EventCountry "CAN"]

1. d4 d5 2. c4 c6 3. Nc3 e6 4. Nf3 Nf6 5. Bg5 dxc4 6. e3 b5 7. a4 Bb4 8. Qc2
Bb7 9. Bxf6 Qxf6 10. Qe4 Qe7 11. Be2 a6 12. O-O Bxc3 13. bxc3 Nd7 14. axb5 Nf6
15. Qc2 cxb5 16. Ne5 Be4 17. Qb2 O-O 18. f3 Bb7 19. Rfb1 Rfb8 20. e4 Qc7 21.
Qb4 Ne8 22. h3 f6 23. Ng4 Qd6 24. Qa5 1/2-1/2

[Event "Eastern Ontario op"]
[Site "Ottawa CAN"]
[Date "1970.07.18"]
[Round "2"]
[White "Neimanis, M."]
[Black "Brodie, Hugh"]
[Result "1/2-1/2"]
[WhiteElo "1830"]
[BlackElo "1750"]
[PlyCount "60"]
[EventDate "1970.07.18"]
[EventType "swiss"]
[EventRounds "5"]
[EventCountry "CAN"]

1. f4 d5 2. e3 g6 3. b3 Bg7 4. Nc3 Nf6 5. Nf3 Bg4 6. Be2 Bxf3 7. Bxf3 e6 8. d4
Nbd7 9. Rb1 c5 10. O-O O-O 11. dxc5 Nxc5 12. Ba3 Nfd7 13. Ne2 Qa5 14. Bxc5 Qxc5
15. Nd4 Rac8 16. Rf2 a6 17. c4 Nb6 18. cxd5 Nxd5 19. Bxd5 Qxd5 20. Qf3 Qxf3 21.
Nxf3 Rc3 22. e4 Rfc8 23. g4 Bf8 24. Kg2 Bc5 25. Re2 Be3 26. Kg3 Ba7 27. g5 Rc2
28. Rb2 Rc1 29. Re1 R1c2 30. Re2 Rc1 1/2-1/2

[Event "Eastern Ontario op"]
[Site "Ottawa CAN"]
[Date "1970.07.18"]
[Round "3"]
[White "Brodie, Hugh"]
[Black "Reinstra, H."]
[Result "1-0"]
[WhiteElo "1750"]
[BlackElo "1600"]
[PlyCount "49"]
[EventDate "1970.07.18"]
[EventType "swiss"]
[EventRounds "5"]
[EventCountry "CAN"]

1. e4 e5 2. Nc3 Nf6 3. f4 Nc6 4. fxe5 Nxe5 5. d4 Nc6 6. e5 Nd5 7. Nf3 Bb4 8.
Bd2 Bxc3 9. bxc3 Nde7 10. Bd3 d5 11. O-O Ng6 12. Ng5 Be6 13. Nxe6 fxe6 14. Qg4
Kd7 15. Rf7+ Nce7 16. Bxg6 hxg6 17. Raf1 a5 18. Bg5 Re8 19. Rxg7 Kc8 20. Qxe6+
Qd7 21. Qxd7+ Kxd7 22. Rff7 Ke6 23. Bxe7 Rg8 24. Ba3 Rac8 25. Rf6# 1-0

[Event "Eastern Ontario op"]
[Site "Ottawa CAN"]
[Date "1970.07.19"]
[Round "4"]
[White "Delva, Jean"]
[Black "Brodie, Hugh"]
[Result "1-0"]
[WhiteElo "1950"]
[BlackElo "1750"]
[PlyCount "81"]
[EventDate "1970.07.18"]
[EventType "swiss"]
[EventRounds "5"]
[EventCountry "CAN"]

1. d4 e6 2. c4 d5 3. Nc3 c6 4. e3 Nf6 5. Nf3 Nbd7 6. Bd3 dxc4 7. Bxc4 b5 8. Bd3
a6 9. e4 c5 10. e5 Nd5 11. Nxd5 exd5 12. O-O Be7 13. Qe2 c4 14. Bc2 a5 15. Ne1
Nb6 16. f4 Ba6 17. f5 Kd7 18. Qg4 Kc7 19. Qxg7 Qg8 20. f6 Bf8 21. Qxg8 Rxg8 22.
Bxh7 Rh8 23. Bf5 b4 24. Rf3 Bc8 25. Bxc8 Rxc8 26. g4 Kd7 27. Kg2 Ke6 28. Bd2
Nd7 29. Nc2 Nb8 30. a3 b3 31. Ne3 Nc6 32. Nf5 Nxd4 33. Nxd4+ Kxe5 34. Bc3 Kd6
35. Bxa5 Kc5 36. Bc3 Bd6 37. h3 Rce8 38. Rd1 Be5 39. Rf5 Bxd4 40. Bxd4+ Kc6 41.
Re5 1-0

[Event "Eastern Ontario op"]
[Site "Ottawa CAN"]
[Date "1970.07.19"]
[Round "5"]
[White "Brodie, Hugh"]
[Black "South, Robert"]
[Result "1/2-1/2"]
[WhiteElo "1750"]
[BlackElo "1800"]
[PlyCount "145"]
[EventDate "1970.07.18"]
[EventType "swiss"]
[EventRounds "5"]
[EventCountry "CAN"]

1. e4 Nc6 2. d4 d5 3. e5 Bf5 4. g4 Bg6 5. h4 f6 6. h5 Bf7 7. f4 fxe5 8. fxe5
Qd7 9. c3 Be6 10. Be2 Nh6 11. Rh4 g6 12. hxg6 hxg6 13. g5 Nf7 14. Rxh8 Nxh8 15.
Nd2 Bf5 16. Nb3 e6 17. Be3 Nf7 18. Qd2 Be7 19. Nf3 O-O-O 20. O-O-O Rh8 21. Rg1
Rh3 22. Qe1 Qd8 23. Rg3 Qh8 24. Rxh3 Qxh3 25. Qf2 Be4 26. Ng1 Qxe3+ 27. Qxe3
Bxg5 28. Qxg5 Nxg5 29. Bg4 Bf5 30. Bd1 Kd8 31. Kd2 Ne4+ 32. Ke3 Ke7 33. Bf3 Kf7
34. Bxe4 Bxe4 35. Nc5 Bb1 36. Nxb7 Bxa2 37. Kf4 Ne7 38. Nd8+ Kg8 39. Nxe6 c6
40. Nf3 Bb1 41. Nh4 Kf7 42. Nd8+ Kg7 43. Nf3 Kh6 44. Kg4 Bf5+ 45. Kh4 Bd3 46.
Nf7+ Kg7 47. Nd6 Nf5+ 48. Nxf5+ gxf5 49. Kg5 Kf7 50. Nd2 Ke6 51. Nb3 Bc2 52.
Nc5+ Ke7 53. Nb7 Ke6 54. b4 Bb1 55. Nd6 Be4 56. Nc8 Kd7 57. Nd6 Ke6 58. Ne8 Kf7
59. Nf6 Ke6 60. Nh5 Kf7 61. Kh6 Bf3 62. Nf4 Be4 63. Kg5 Bc2 64. Ng2 Be4 65. Nh4
Ke6 66. Ng6 Bc2 67. Nf4+ Kf7 68. Nh5 Be4 69. Nf6 Ke6 70. Ne8 Kf7 71. Nd6+ Ke6
72. Nc8 Kd7 73. Nd6 1/2-1/2

[Event "Fitchburg MA"]
[Site "Fitchburg USA"]
[Date "1970.06.20"]
[Round "1"]
[White "Fortier, R."]
[Black "Brodie, Hugh"]
[Result "0-1"]
[WhiteElo "1524"]
[BlackElo "1750"]
[PlyCount "78"]
[EventDate "1970.06.20"]
[EventType "swiss"]
[EventRounds "5"]
[EventCountry "USA"]

1. d4 d5 2. e3 Nf6 3. Bd3 e6 4. f4 c5 5. c3 Nc6 6. Nf3 Bd6 7. O-O O-O 8. Nbd2
cxd4 9. Nxd4 Bd7 10. N2f3 Rc8 11. Qe1 Ne4 12. Ne2 Ne7 13. Nh4 Nf5 14. Nxf5 exf5
15. Nd4 Re8 16. Bd2 Qe7 17. Rf3 g5 18. fxg5 Qxg5 19. Ne2 Re6 20. Nf4 Bxf4 21.
exf4 Qg7 22. Be3 Rg6 23. g3 h5 24. Bf2 h4 25. Bxe4 fxe4 26. Re3 Bg4 27. Qd2 Bf3
28. Qxd5 hxg3 29. hxg3 Rxg3+ 30. Bxg3 Qxg3+ 31. Kf1 Qh3+ 32. Ke1 Qh4+ 33. Kf1
Qxf4 34. Qd2 Kh7 35. Qf2 Rg8 36. Rxf3 exf3 37. Qd4 Qg3 38. Qf2 Qh3+ 39. Ke1
Re8+ 0-1

[Event "Fitchburg MA"]
[Site "Fitchburg USA"]
[Date "1970.06.20"]
[Round "2"]
[White "Rafter, P."]
[Black "Brodie, Hugh"]
[Result "0-1"]
[WhiteElo "1532"]
[BlackElo "1750"]
[PlyCount "162"]
[EventDate "1970.06.20"]
[EventType "swiss"]
[EventRounds "5"]
[EventCountry "USA"]

1. d4 d5 2. c4 c6 3. Nc3 Nf6 4. e3 e6 5. Nf3 Nbd7 6. Be2 dxc4 7. Bxc4 b5 8. Be2
a6 9. O-O Bb7 10. Qc2 c5 11. Ne5 Rc8 12. Rd1 cxd4 13. Rxd4 b4 14. Qa4 bxc3 15.
bxc3 Rxc3 16. Bd2 Ra3 17. Qc2 Bc5 18. Qxc5 Nxc5 19. Rxd8+ Kxd8 20. Bb4 Ke8 21.
Bxa3 Ncd7 22. Nxd7 Kxd7 23. Rd1+ Kc7 24. f3 Rd8 25. Rc1+ Kb8 26. Rb1 Kc7 27.
Bc5 Rd2 28. Bb6+ Kc6 29. Bc4 Nd5 30. Bd4 f6 31. Rc1 Kd6 32. Bc3 Nxc3 33. Rxc3
e5 34. e4 Bc6 35. Ra3 Bb5 36. Bd5 Rd3 37. Rxd3 Bxd3 38. Kf2 Kc5 39. Kg3 a5 40.
h4 a4 41. Kg4 Bc4 42. Kf5 Bxd5 43. exd5 Kxd5 44. h5 Kd4 45. Ke6 Kc3 46. Kf7 Kb2
47. Kxg7 Kxa2 48. Kxh7 a3 49. Kg7 Kb3 50. h6 a2 51. h7 a1=Q 52. h8=Q Qa7+ 53.
Kg6 Qf2 54. Qg8+ Kc3 55. Kxf6 e4 56. Qc8+ Kd2 57. Qd7+ Ke1 58. Kf5 e3 59. Qd4
Qc2+ 60. Kf4 e2 61. Kg3 Qg6+ 62. Kf4 Kf1 63. Qc4 Qxg2 64. Ke3 Qg5+ 65. f4 Qe7+
66. Kd2 Kf2 67. Qd4+ Kf1 68. Qd3 Qb4+ 69. Ke3 Qe1 70. Ke4 Qf2 71. Ke5 Kg1 72.
Qg6+ Qg2 73. Qb6+ Kh2 74. Qh6+ Qh3 75. Qxh3+ Kxh3 76. f5 e1=Q+ 77. Kf6 Qe8 78.
Kg7 Qe7+ 79. Kg6 Qf8 80. f6 Kg4 81. f7 Qh8 0-1

[Event "Fitchburg MA"]
[Site "Fitchburg USA"]
[Date "1970.06.20"]
[Round "3"]
[White "Brodie, Hugh"]
[Black "Sultan, J."]
[Result "1-0"]
[WhiteElo "1750"]
[BlackElo "1545"]
[PlyCount "57"]
[EventDate "1970.06.20"]
[EventType "swiss"]
[EventRounds "5"]
[EventCountry "USA"]

1. e4 c5 2. Nc3 Nc6 3. g3 g6 4. Bg2 Bg7 5. d3 e6 6. f4 d6 7. Nf3 Nge7 8. O-O
O-O 9. Be3 b6 10. g4 Rb8 11. Qd2 d5 12. exd5 exd5 13. d4 cxd4 14. Nxd4 Nxd4 15.
Bxd4 Bxd4+ 16. Qxd4 Bxg4 17. Bxd5 Nf5 18. Qf2 Nh4 19. Rfe1 g5 20. Re5 Bf5 21.
Rd1 Qc7 22. Qg3 Bxc2 23. Qxg5+ Ng6 24. Rd2 Ba4 25. h4 Kh8 26. Qf6+ Kg8 27. Rg2
Qd8 28. Rxg6+ hxg6 29. Qxg6+ 1-0

[Event "Fitchburg MA"]
[Site "Fitchburg USA"]
[Date "1970.06.21"]
[Round "4"]
[White "Brodie, Hugh"]
[Black "Havens, B."]
[Result "0-1"]
[WhiteElo "1750"]
[BlackElo "1515"]
[PlyCount "98"]
[EventDate "1970.06.20"]
[EventType "swiss"]
[EventRounds "5"]
[EventCountry "USA"]

1. e4 e5 2. Nc3 Nc6 3. Bc4 Nf6 4. d3 Be7 5. Nge2 a6 6. f4 d6 7. f5 Na5 8. Bb3
Nxb3 9. axb3 O-O 10. Ng3 d5 11. Nh5 d4 12. Nxf6+ Bxf6 13. Ne2 Bg5 14. O-O Bd7
15. Rf3 Bxc1 16. Rxc1 f6 17. Rh3 Rf7 18. Qe1 Qe7 19. Qh4 h6 20. Rf1 Kh8 21. Ng3
Rg8 22. Ne2 Qc5 23. Rc1 Bb5 24. g4 Bd7 25. Kf2 Qe7 26. Rg1 Be8 27. g5 fxg5 28.
Rxg5 Rf6 29. Ng3 Qc5 30. Nh5 Qxc2+ 31. Kg1 Qc1+ 32. Kg2 Qxb2+ 33. Kh1 Bxh5 34.
Qxh5 Qxb3 35. Rg6 Qf7 36. Qxh6+ gxh6 37. Rhxh6+ Qh7 38. Rxh7+ Kxh7 39. Rxf6 a5
40. Re6 a4 41. Rxe5 Ra8 42. Re7+ Kg8 43. Rxc7 a3 44. Rc1 a2 45. Ra1 b5 46. h4
b4 47. f6 b3 48. e5 b2 49. Rg1+ Kf7 0-1

[Event "Fitchburg MA"]
[Site "Fitchburg USA"]
[Date "1970.06.21"]
[Round "5"]
[White "Kennedy, Joseph"]
[Black "Brodie, Hugh"]
[Result "0-1"]
[WhiteElo "1600"]
[BlackElo "1750"]
[PlyCount "32"]
[EventDate "1970.06.20"]
[EventType "swiss"]
[EventRounds "5"]
[EventCountry "USA"]

1. d4 d5 2. Nf3 Nf6 3. e3 e6 4. Bd3 c5 5. c3 Nc6 6. Nbd2 Bd6 7. O-O O-O 8. e4
dxe4 9. Nxe4 Nxe4 10. Bxe4 cxd4 11. Bxc6 bxc6 12. Nxd4 Qc7 13. g3 Ba6 14. Re1
Rfd8 15. Qc2 c5 16. Ne2 Qc6 0-1

[Event "Ontario op"]
[Site "Toronto CAN"]
[Date "1970.05.16"]
[Round "1"]
[White "Brodie, Hugh"]
[Black "Marchant, M."]
[Result "1/2-1/2"]
[WhiteElo "1750"]
[BlackElo "1422"]
[PlyCount "94"]
[EventDate "1970.05.16"]
[EventType "swiss"]
[EventRounds "6"]
[EventCountry "CAN"]

1. e4 e5 2. Nc3 Nf6 3. f4 Nc6 4. fxe5 Nxe5 5. d4 Nc6 6. e5 Nd5 7. Nf3 Bb4 8.
Bd2 Bxc3 9. bxc3 d6 10. c4 Nde7 11. exd6 Qxd6 12. d5 Ne5 13. Bc3 N7g6 14. Bd3
Nxf3+ 15. Qxf3 O-O 16. O-O c5 17. Rae1 Bd7 18. Qh5 Rae8 19. Qg5 Rxe1 20. Rxe1
h6 21. Qc1 b6 22. Qa1 f5 23. Bxg7 Rf7 24. Be5 Nxe5 25. Qxe5 Qxe5 26. Rxe5 Kg7
27. Kf2 Kf6 28. Re3 Re7 29. Rxe7 Kxe7 30. Kf3 Kd6 31. Kf4 b5 32. cxb5 Kxd5 33.
h4 c4 34. Bxf5 Bxb5 35. Ke3 Ke5 36. Bh7 Bc6 37. g3 Bd5 38. c3 a5 39. a3 Bf7 40.
Kf3 Bh5+ 41. Ke3 Bf7 42. Be4 Bh5 43. Bg2 Bf7 44. Bf1 Be6 45. Kf3 Bf7 46. Bh3
Bd5+ 47. Ke3 Bf7 1/2-1/2

[Event "Ontario op"]
[Site "Toronto CAN"]
[Date "1970.05.16"]
[Round "2"]
[White "Fuster, Geza"]
[Black "Brodie, Hugh"]
[Result "1-0"]
[WhiteElo "2000"]
[BlackElo "1750"]
[PlyCount "57"]
[EventDate "1970.05.16"]
[EventType "swiss"]
[EventRounds "6"]
[EventCountry "CAN"]

1. d4 Nf6 2. c4 c5 3. Nf3 g6 4. Nc3 Bg7 5. e4 cxd4 6. Nxd4 d6 7. Be2 Nc6 8. Be3
O-O 9. O-O Nxd4 10. Bxd4 Be6 11. Rc1 a6 12. Qd2 Rc8 13. b3 Nd7 14. Bxg7 Kxg7
15. f4 f5 16. exf5 Bxf5 17. Qd4+ Kg8 18. Qd5+ Kg7 19. Qxb7 Qb6+ 20. Qxb6 Nxb6
21. Bf3 a5 22. Rfe1 Kf6 23. Re3 Bd7 24. Rce1 Rce8 25. c5 dxc5 26. Ne4+ Kg7 27.
Nxc5 Rxf4 28. Nxd7 Nxd7 29. Bc6 1-0

[Event "Ontario op"]
[Site "Toronto CAN"]
[Date "1970.05.17"]
[Round "3"]
[White "Brodie, Hugh"]
[Black "Graham, J."]
[Result "1/2-1/2"]
[WhiteElo "1750"]
[BlackElo "1650"]
[PlyCount "34"]
[EventDate "1970.05.16"]
[EventType "swiss"]
[EventRounds "6"]
[EventCountry "CAN"]

1. f4 d5 2. b4 Nf6 3. e3 Bg4 4. Nf3 e6 5. a3 c5 6. b5 Nbd7 7. Be2 Bd6 8. Bb2
O-O 9. O-O Bxf3 10. Rxf3 e5 11. fxe5 Bxe5 12. Bxe5 Nxe5 13. Rh3 d4 14. Qe1 dxe3
15. dxe3 Qe7 16. Nc3 Rad8 17. Rd1 Rxd1 1/2-1/2

[Event "Ontario op"]
[Site "Toronto CAN"]
[Date "1970.05.17"]
[Round "4"]
[White "Parker, K."]
[Black "Brodie, Hugh"]
[Result "0-1"]
[WhiteElo "1700"]
[BlackElo "1750"]
[PlyCount "78"]
[EventDate "1970.05.16"]
[EventType "swiss"]
[EventRounds "6"]
[EventCountry "CAN"]

1. e4 e6 2. Nf3 c5 3. d3 Nc6 4. Nc3 a6 5. Be2 g6 6. O-O Bg7 7. a3 b5 8. Bg5
Nge7 9. Qd2 h6 10. Bf4 d5 11. a4 b4 12. Nd1 a5 13. c3 Ba6 14. Rc1 dxe4 15. dxe4
Qxd2 16. Nxd2 Bxe2 17. Re1 Ba6 18. cxb4 cxb4 19. Nc4 Bxc4 20. Rxc4 O-O 21. Bd6
Rfe8 22. Bxe7 Nxe7 23. b3 Rec8 24. Ne3 Rxc4 25. Nxc4 Nc6 26. g3 Bc3 27. Rd1 Nd4
28. Rd3 Nxb3 29. Kg2 Nc5 30. Re3 Nxa4 31. Rd3 Nb2 32. Nxb2 Bxb2 33. Rb3 Bc3 34.
Kf3 a4 35. Rb1 a3 36. Rd1 a2 37. h4 a1=Q 38. Rxa1 Rxa1 39. g4 b3 0-1

[Event "Ontario op"]
[Site "Toronto CAN"]
[Date "1970.05.18"]
[Round "5"]
[White "Brodie, Hugh"]
[Black "Zemell, M."]
[Result "1-0"]
[WhiteElo "1750"]
[BlackElo "1650"]
[PlyCount "39"]
[EventDate "1970.05.16"]
[EventType "swiss"]
[EventRounds "6"]
[EventCountry "CAN"]

1. e4 e6 2. d3 d5 3. Nd2 c5 4. g3 Nc6 5. Bg2 Bd6 6. exd5 exd5 7. Bxd5 Nf6 8.
Bg2 Bd7 9. Ngf3 Qc8 10. O-O Bh3 11. Re1+ Be7 12. Nc4 Bxg2 13. Nd6+ Kd8 14. Nxc8
Bxf3 15. Qxf3 Rxc8 16. c3 h6 17. Bd2 g5 18. Rxe7 Kxe7 19. Re1+ Kd8 20. Qxf6+
1-0

[Event "Ontario op"]
[Site "Toronto CAN"]
[Date "1970.05.18"]
[Round "6"]
[White "Leskowsky, Zoltan"]
[Black "Brodie, Hugh"]
[Result "0-1"]
[WhiteElo "1920"]
[BlackElo "1750"]
[PlyCount "88"]
[EventDate "1970.05.16"]
[EventType "swiss"]
[EventRounds "6"]
[EventCountry "CAN"]

1. c4 g6 2. Nc3 Bg7 3. g3 c5 4. Bg2 Nc6 5. e3 f5 6. Nge2 Nf6 7. O-O O-O 8. a3
d6 9. Rb1 Ne5 10. d3 Rb8 11. b4 b6 12. Nf4 Nf7 13. Qe2 e5 14. Nfd5 Bb7 15. Rd1
Re8 16. e4 Qd7 17. Bh3 Bc8 18. exf5 gxf5 19. Nxf6+ Bxf6 20. Qh5 Bg7 21. Nd5 Qa4
22. Bg5 f4 23. Bxc8 Rbxc8 24. Ne7+ Rxe7 25. Bxe7 Qd7 26. Bh4 Qh3 27. Qf3 Nh6
28. Qg2 Qg4 29. f3 Qh5 30. Be7 Nf5 31. g4 Qf7 32. gxf5 Qxe7 33. Kf2 Rf8 34. Qg4
cxb4 35. axb4 a5 36. bxa5 bxa5 37. Rg1 Qa7+ 38. Kf1 a4 39. f6 Rxf6 40. Qc8+ Rf8
41. Rb7 Qxg1+ 42. Kxg1 Rxc8 43. Ra7 Rb8 44. Rxa4 Rb3 0-1

[Event "Bird Mandatory Opening"]
[Site "Montreal CAN"]
[Date "1970.02.14"]
[Round "2"]
[White "Spraggett, Kevin"]
[Black "Brodie, Hugh"]
[Result "1/2-1/2"]
[WhiteElo "1800"]
[BlackElo "1750"]
[PlyCount "82"]
[EventDate "1970.02.14"]
[EventType "swiss"]
[EventRounds "6"]
[EventCountry "CAN"]

1. f4 d5 2. Nf3 g6 3. e3 Bg4 4. Be2 Bxf3 5. Bxf3 Bg7 6. c4 e6 7. Nc3 c6 8. cxd5
cxd5 9. d4 Ne7 10. O-O O-O 11. Qb3 Qd7 12. Bd2 Nbc6 13. Rac1 Na5 14. Qc2 Nc4
15. Be2 Nxd2 16. Qxd2 Nc6 17. a3 Rac8 18. b4 a6 19. Na4 Rc7 20. Nc5 Qe7 21. Bd3
Nxd4 22. Bxa6 Rxc5 23. bxc5 Nb3 24. Qc2 Nxc1 25. Bb5 Na2 26. Qxa2 Qxc5 27. Qb3
Rc8 28. a4 b6 29. Rd1 Bc3 30. Kf2 Ba5 31. h3 Qc2+ 32. Qxc2 Rxc2+ 33. Kf3 h5 34.
Rb1 Rc3 35. Rd1 Kg7 36. Bd7 Kf6 37. h4 Ke7 38. Bb5 Kf6 39. Be8 Ke7 40. Bb5 Kf6
41. Ba6 Ke7 1/2-1/2

[Event "Bird Mandatory Opening"]
[Site "Montreal CAN"]
[Date "1970.02.14"]
[Round "3"]
[White "Brodie, Hugh"]
[Black "Gaudreau, J."]
[Result "1-0"]
[WhiteElo "1750"]
[BlackElo "1500"]
[PlyCount "39"]
[EventDate "1970.02.14"]
[EventType "swiss"]
[EventRounds "6"]
[EventCountry "CAN"]

1. f4 d5 2. b4 Bf5 3. e3 e6 4. Bb2 Nf6 5. a3 b6 6. Be2 a5 7. b5 Nbd7 8. a4 Bd6
9. Nf3 O-O 10. h3 h6 11. g4 Bh7 12. g5 hxg5 13. Nxg5 Ne4 14. h4 Ndc5 15. Bd3
Nxg5 16. hxg5 Bxd3 17. Qh5 f6 18. cxd3 Nxd3+ 19. Ke2 Nxb2 20. g6 1-0

[Event "Bird Mandatory Opening"]
[Site "Montreal CAN"]
[Date "1970.02.15"]
[Round "4"]
[White "Morissette, Sylvio"]
[Black "Brodie, Hugh"]
[Result "0-1"]
[WhiteElo "1600"]
[BlackElo "1750"]
[PlyCount "67"]
[EventDate "1970.02.14"]
[EventType "swiss"]
[EventRounds "6"]
[EventCountry "CAN"]

1. f4 d5 2. Nf3 g6 3. d4 Bg7 4. c4 e6 5. Nc3 Ne7 6. cxd5 exd5 7. Be3 O-O 8. Bf2
Re8 9. Qb3 c6 10. Bh4 Qc7 11. Ne5 Nf5 12. Bf2 f6 13. Rc1 Qd6 14. g4 fxe5 15.
dxe5 Bxe5 16. fxe5 Qxe5 17. gxf5 Qxf5 18. Bg2 Qg5 19. O-O Bh3 20. Bg3 Qe3+ 21.
Kh1 Bxg2+ 22. Kxg2 Re7 23. Rcd1 Na6 24. Rxd5 cxd5 25. Qxd5+ Qe6 26. Qg5 Rf8 27.
Rd1 Rf5 28. Rd8+ Re8 29. Rxe8+ Qxe8 30. Qg4 Qc6+ 31. Kh3 Rh5+ 32. Bh4 Re5 33.
Bg3 Re3 34. Qd4 0-1

[Event "Bird Mandatory Opening"]
[Site "Montreal CAN"]
[Date "1970.02.15"]
[Round "5"]
[White "Brodie, Hugh"]
[Black "Gagnon, Robert"]
[Result "1-0"]
[WhiteElo "1750"]
[BlackElo "1500"]
[PlyCount "45"]
[EventDate "1970.02.14"]
[EventType "swiss"]
[EventRounds "6"]
[EventCountry "CAN"]

1. f4 d5 2. b4 g6 3. Bb2 Nf6 4. e3 Bg7 5. Be2 O-O 6. g4 e6 7. h4 Ne8 8. Bxg7
Nxg7 9. Nf3 f6 10. Nc3 Nd7 11. h5 g5 12. h6 Ne8 13. Rh5 a6 14. d4 Nd6 15. fxg5
fxg5 16. Rxg5+ Kh8 17. Rg7 Ne4 18. Nxe4 dxe4 19. Ng5 Qf6 20. Rxh7+ Kg8 21. Rg7+
Kh8 22. Kd2 Qxh6 23. Rh7+ 1-0

[Event "Bird Mandatory Opening"]
[Site "Montreal CAN"]
[Date "1970.02.15"]
[Round "6"]
[White "Brodie, Hugh"]
[Black "Agnew, Gerald"]
[Result "1-0"]
[WhiteElo "1750"]
[BlackElo "1750"]
[PlyCount "73"]
[EventDate "1970.02.14"]
[EventType "swiss"]
[EventRounds "6"]
[EventCountry "CAN"]

1. f4 g6 2. e4 Bg7 3. d4 d6 4. Nc3 c6 5. a4 Qc7 6. Nf3 Nh6 7. Bc4 O-O 8. h3 Kh8
9. g4 f5 10. gxf5 gxf5 11. e5 d5 12. Bd3 e6 13. Ng5 Qe7 14. Qh5 Bd7 15. Ne2 Be8
16. Qh4 Nd7 17. b3 b6 18. Ba3 c5 19. c4 Bf7 20. Ng3 Bg6 21. O-O Rfd8 22. Rad1
Nf8 23. cxd5 exd5 24. Be2 Qe8 25. dxc5 bxc5 26. Bb5 Qe7 27. Bc6 Rab8 28. Bxd5
Rxd5 29. Rxd5 Rxb3 30. Bxc5 Qb7 31. Rfd1 Be8 32. Ne2 Rb2 33. R1d2 Rb1+ 34. Kf2
Ng6 35. Qg3 Bc6 36. Rd8+ Ng8 37. Rb8 1-0

[Event "Montreal-Tch"]
[Site "Montreal CAN"]
[Date "1970.01.10"]
[Round "1"]
[White "Brodie, Hugh"]
[Black "Ary, Alex"]
[Result "1/2-1/2"]
[WhiteElo "1800"]
[BlackElo "1650"]
[PlyCount "96"]
[EventDate "1970.01.10"]
[EventType "team"]
[EventRounds "6"]
[EventCountry "CAN"]

1. e4 e5 2. Nc3 Nc6 3. Bc4 Bc5 4. Qg4 g6 5. Qg3 d6 6. d3 Nd4 7. Bb3 f5 8. exf5
Bxf5 9. f4 exf4 10. Bxf4 Qe7+ 11. Kd2 O-O-O 12. Bg5 Nxb3+ 13. axb3 Nf6 14. Nd5
Qf7 15. Bxf6 Qxd5 16. Bxh8 Rxh8 17. Nf3 Bb4+ 18. Kc1 Qc5 19. Nh4 Be6 20. Kd1
Rf8 21. Nf3 Qe3 22. Qg5 Rxf3 23. Qxe3 Rxe3 24. Rxa7 Kb8 25. Ra1 Bd5 26. Rf1 c6
27. g3 Bf3+ 28. Kc1 d5 29. Ra4 Be7 30. Rf4 Bg5 31. Rf8+ Ka7 32. Kb1 Bg4 33.
R8f7 h6 34. Rg7 Bf5 35. g4 Bxg4 36. Rff7 Bc8 37. Rxg6 Re6 38. Rgg7 Re2 39. Rf8
Be6 40. Re8 Bg4 41. Rf8 Rxh2 42. Rff7 Bc8 43. Rf8 Be6 44. Re8 Re2 45. Rf8 Re5
46. Re8 Re2 47. Rf8 Bd2 48. Re8 Bb4 1/2-1/2

[Event "Montreal-Tch"]
[Site "Montreal CAN"]
[Date "1970.01.24"]
[Round "2"]
[White "Brodie, Hugh"]
[Black "Richardson, Ross"]
[Result "0-1"]
[WhiteElo "1750"]
[BlackElo "1750"]
[PlyCount "74"]
[EventDate "1970.01.10"]
[EventType "team"]
[EventRounds "6"]
[EventCountry "CAN"]

1. f4 d5 2. Nf3 g6 3. e3 Nf6 4. b3 Bg7 5. Bb2 O-O 6. Be2 c5 7. O-O Nc6 8. Na3
Re8 9. c4 d4 10. exd4 cxd4 11. d3 Nh5 12. Ng5 Nf6 13. Nc2 e5 14. fxe5 Nxe5 15.
Bxd4 Nfg4 16. Nh3 h5 17. Bc3 Bf5 18. Rxf5 gxf5 19. d4 Ng6 20. Bf3 Nh4 21. Bxb7
Qc7 22. Bxa8 Qxh2+ 23. Kf1 Rxa8 24. Qe2 Qh1+ 25. Ng1 Nh2+ 26. Ke1 Qxg1+ 27. Kd2
Qxg2 28. Qxg2 Nxg2 29. Ke2 Ng4 30. Kf3 Nh4+ 31. Kg3 Ng6 32. Re1 Bf6 33. Re2
Bh4+ 34. Kf3 f4 35. d5 Bg3 36. Re4 Nh4+ 37. Ke2 f3+ 0-1